| 000 | 00832nam a2200229Ia 4500 | ||
|---|---|---|---|
| 003 | OSt | ||
| 005 | 20260114144404.0 | ||
| 008 | 210716s2016 xx 000 0 und d | ||
| 020 | _a9781785889301 | ||
| 040 | _cAIMIT LIBRARY | ||
| 041 | _aeng | ||
| 082 |
_a621.3991 _bVENJ |
||
| 100 |
_aVentresco, Jason. _9251256 |
||
| 245 |
_aImplementing VMware horizon 7: _bcomprehensive practical guide to accessing virtual desktops applications and services through a unified platform / _cBy Jason Ventresco. |
||
| 250 | _a2nd ed. | ||
| 260 |
_aMumbai : _bPackt Publishing Ltd , _c2016. |
||
| 300 |
_ax,460 p.; _bPB _c24.5 cm. |
||
| 650 |
_aImplementing horizon connection server _9251257 |
||
| 650 |
_aImplementing horizon composer _9251258 |
||
| 650 |
_aImplementing horizon security server _9251259 |
||
| 942 |
_2ddc _cBK _k621.3991 VENJ |
||
| 999 |
_c196590 _d196590 |
||